| 000 | 00479 a2200169 4500 | ||
|---|---|---|---|
| 020 | _a0256-20897 | ||
| 040 |
_aLibrary of Congress _b English |
||
| 082 | _a621.395 | ||
| 082 | _a621.395 | ||
| 100 | 1 | _aGopalan, K. Gopal | |
| 245 | 0 | 0 |
_aIntroduction to digital microelectronic circuits _cK. "Gopal" Gopalan |
| 260 |
_aChicago : _bIrwin, _ccop. 1996 |
||
| 300 |
_axii, 628 s. : _bill. |
||
| 650 | 0 | _aDigital electronics | |
| 650 | 0 | _aSemiconductors | |
| 942 |
_cBK _k621.395 GOP _2ddc |
||
| 999 |
_c8427 _d8427 |
||